00321nam a22000857a 4500008004100000082001700041110002400058245014400082300000900226230609b xxu||||| |||| 00| 0 eng d a354.676bGOK bGovernment of Kenya aEstimates of Development Expenditure of the Government of KenyabFor the Year Ending 30 Th June 2012cVolume II (Votes D20-D60)hJune, 2011 a790p